[Event "Moscow Petrosian Memorial"]
[Site "Moscow"]
[Date "2014.11.11"]
[Round "7"]
[White "Gelfand, Boris"]
[Black "Leko, Peter"]
[Result "1-0"]
[WhiteElo "2759"]
[BlackElo "2731"]
[Annotator "Krasenkow,M"]
[PlyCount "73"]
[EventDate "2014.11.04"]
[EventType "tourn"]
[EventRounds "7"]
[EventCountry "RUS"]
[EventCategory "20"]
[SourceTitle "CBM 164"]
[Source "ChessBase"]
[SourceDate "2015.01.15"]
[SourceVersion "1"]
[SourceVersionDate "2015.01.15"]
[SourceQuality "1"]

1. Nf3 Nf6 2. c4 c5 3. Nc3 Nc6 4. g3 d5 5. d4 e6 6. cxd5 Nxd5 7. Bg2 cxd4 8.
Nxd4 Nxc3 9. bxc3 Nxd4 10. Qxd4 Qxd4 11. cxd4 Bb4+ 12. Bd2 Bxd2+ 13. Kxd2 {
This well-known theoretical variation has been examined in several CBM issues
- see e.g. CBM 105, annotations to Van Wely - Polgar by GM Igor Stohl. White's
strong g2-bishop guarantees him some edge but Black's position is quite solid.}
Ke7 {Black's defensive plan includes ...Rh8-d8-d6 or d7, ...Ke7-d8 (if
necessary), ...Ra8-b8, ...b7-b6 and ...Bc8-b7. It looks quite slow but
surprisingly, it is not easy for White to prevent it or gain something in the
meantime. Alternatives:} (13... Kd8) (13... Rb8) 14. Rhc1 (14. a4 Rd8 15. Ke3
Rb8 16. a5 Bd7 17. Rhb1 Bc6 18. Bxc6 bxc6 19. Kd3 Rb5 $11 {1-0 (51) Berkes,F 
(2617)-Horvath,A (2555) Kazincbarcika 2005}) 14... Rd8 15. Rc7+ {White trades
Black's active rook.} (15. Ke3 Rb8 $1) (15. Rc4 Rd6 (15... Rd7 16. a4 Rb8 17.
a5 Kd8 $1 18. Rac1 Rd6 19. f4 Ra6 20. Rc5 b6 21. axb6 axb6 22. Rh5 h6 23. g4
Ra2+ 24. Ke3 Bb7 $11 {1/2 (58) Van Wely,L (2679)-Polgar,J (2728) Wijk aan Zee
2005 CBM 105 [Stohl,I]}) 16. Rac1 Kd8 17. Ke3 (17. e3 Rb8 18. Rc7 Rd7 19. Rxd7+
Bxd7 20. f4 b6 21. Be4 h6 22. h4 Rc8 23. Rxc8+ Bxc8 {1/2 (31) Salgado Lopez,I 
(2622)-Hansen,E (2577) Doha QAT 2014}) 17... Rb8 18. g4 h6 19. h4 Bd7 20. g5
Ra6 21. gxh6 gxh6 22. R1c2 Rc8 $11 {1/2 (49) Vaganian,R (2640)-Bauer,C (2525)
Germany 1998}) 15... Rd7 16. Rac1 Kd8 17. Rxd7+ (17. R7c4 {is now just a loss
of a tempo, and Black easily equalizes:} Rb8 18. a4 b6 19. Bc6 Rc7 20. e4 {
1/2 (20) Hillarp Persson,T (2443)-Psakhis,L (2575) Ohrid 2001}) 17... Kxd7 {
[%mdl 4096]} 18. g4 {[%cal Yg4g5] White starts some kingside action. Practice
has seen some other moves, too:} (18. Be4 h6 19. h4 Rb8 20. g4 Kd6 21. f4 Bd7
22. Bf3 b6 23. e4 Rc8 24. e5+ Ke7 25. Rxc8 Bxc8 26. Kc3 g6 {1/2 (26) Zoler,D 
(2541)-Zilberman,Y (2423) Israel 2011}) (18. e4 b6 (18... Rb8 19. e5 Kd8 20.
Be4 h6 21. Ke3 b6 22. f4 Bb7 {1/2 Benko,P-Farago,I/Szolnok 1975 (22)}) 19. e5
Rb8 20. Bc6+ Kd8 21. d5 exd5 22. Bxd5 Be6 23. Bxe6 fxe6 24. Rc4 Rb7 25. Rh4 h6
26. Rg4 Ke8 27. Rc4 Rd7+ 28. Ke3 Rd5 29. f4 Ra5 $11 {1/2 (38) Ftacnik,L (2546)
-Rapport,R (2444) Szentgotthard 2010}) (18. f4 Rb8 19. d5 (19. e4 b6 20. Ke3
Bb7 21. Bh3 Kd8 $5 (21... Rc8 22. Rxc8 Bxc8 23. d5 Kc7 24. e5 b5 25. Kd4 Kb6
26. d6 $16 {1-0 (61) Benko,P-Donner,J Wijk aan Zee 1970}) 22. d5 exd5 23. exd5
Bc8 24. Bg2 Bf5 25. Kd4 f6 $11 {I.Tsesarsky}) 19... exd5 (19... Kd6 $5 20. e4
f6 21. Bh3 $140 Bd7 22. Bxe6 Bxe6 23. dxe6 Kxe6 24. Rc7 Rd8+ 25. Ke3 Rd7) 20.
Bxd5 f6 21. e4 Kd6 22. Ke3 Bd7 23. Kd4 {[%cal Ge4e5]} Rc8 $8 24. e5+ fxe5+ 25.
fxe5+ Ke7 26. Rxc8 Bxc8 27. Kc5 Be6 $1 $11 {0-1 (39) Huzman,A (2574)-Psakhis,L
(2599) Haifa 2000 CBM 074 ext [Psakhis,L]}) 18... h6 (18... Rb8 $143 19. g5 $1
{[%cal Yc1c3,Yc3h3]} b5 $1 20. Rc5 $14 (20. Rc3 $143 b4 21. Rh3 Rb5 22. d5 Ra5
23. Rxh7 Rxa2+ 24. Kc1 Rxe2 25. Rxg7 Rxf2 26. dxe6+ Kxe6 27. Bh3+ f5 28. Rxa7
Rxh2 29. Rh7 Rh1+ 30. Kb2 Rg1 31. Rc7 Bd7 32. Bxf5+ Kxf5 33. Rxd7 Rxg5 {
1/2 (33) Werle,J (2443)-Sax,G (2511) Fuerth 2002})) 19. h4 (19. f4 Rb8 20. g5 (
20. e4 b6 21. h4 Bb7 22. Ke3 g6 23. Bf1 {1/2 (23) Ruck,R (2551)-Horvath,A 
(2555) Kazincbarcika 2005}) 20... hxg5 $1 (20... b6 $6 21. gxh6 gxh6 22. Rc3
Bb7 23. Bxb7 Rxb7 24. Rh3 $14 {1-0 (42) Kramnik,V (2730)-Lautier,J (2645)
Belgrade 1995 CBM 051 [Kortschnoj]}) 21. fxg5 b6 22. g6 (22. h4 {[%cal Rh4h5]}
g6 23. Ke3 (23. Bc6+ Kd6 24. Be8 Ke7 25. Bb5 a6 26. Bd3 Kd6 27. Rf1 Ke7 28. Rc1
Kd6 {1/2 (28) Volke,K (2458)-Farago,I (2507) Budapest 2004}) 23... Ba6 24. Bf3
Rh8 25. Rh1 Bc4 26. Kf4 b5 $132 {1/2 (33) Psakhis,L-Zilberman,Y/ISR-ch Tel
Aviv 1998}) 22... fxg6 23. Be4 Kd6 24. Rc6+ Kd7 25. Rc1 Kd6 26. Bxg6 Bd7 27. h4
Rf8 28. h5 Rf2 29. Rg1 {1/2 (50) Jakovenko,D (2747)-Radjabov,T (2726) Tashkent
UZB 2014} Rh2 $11) (19. Rc5 Rb8 20. Ra5 $5 a6 21. Rh5 {is an interesting
attempt, Black needs accurate play to defend:} Kd6 22. g5 hxg5 23. Rh8 (23. Rh7
Bd7 24. Rxg7 f6 25. e4 Bc6 26. Rf7 Rh8 27. Rxf6 Rxh2 28. e5+ Ke7 29. Bxc6 bxc6
30. Kc3 a5 31. Kc4 Rh1 32. Rg6 Rc1+ 33. Kb3 Rf1 34. Rxg5 Rxf2 $11 {1/2 (52)
Fridman,D (2629)-Meier,G (2610) Dortmund 2013}) 23... g4 $5 24. Rg8 g6 25. f3
gxf3 26. Bxf3 b5 27. h4 Kc7 28. Rg7 Bd7 29. Rxf7 Rh8 30. Rf4 Kd6 $11 {1/2 (39)
Gelfand,B (2773)-Leko,P (2737) Beijing 2013}) 19... Rb8 20. f4 (20. g5 hxg5 ({
even} 20... b6 {is now playable since White can't bring his rook to h3
attacking the h6-pawn:} 21. Bc6+ Kd6 22. Be8 hxg5 23. hxg5 f6 {1/2 (23)
Krivoshey,S (2504)-Sax,G (2535) Balatonlelle 2004}) 21. hxg5 b6 22. Rh1 Ba6 23.
Rh7 Rg8 24. e4 Bc4 25. a3 b5 26. Kc3 a5 27. d5 Kd6 28. Kd4 e5+ 29. Kc3 Kc5 $132
{1/2 (46) Buss,R (2270)-Miniboeck,G (2348) St Poelten 2002}) 20... b6 21. Bc6+
Kd8 (21... Ke7 22. e4 Bd7 23. h5 f6 24. Bxd7 Kxd7 25. e5 {(a similar ending
happened in the game under examination, but GM T.Radjabov defends more
successfully - the question is whether his opponent could have posed more
problems to him)} b5 26. Rc5 Rb6 27. Kd3 fxe5 28. dxe5 a5 29. f5 a4 30. Kc2 b4
31. Ra5 b3+ 32. axb3 axb3+ 33. Kb2 exf5 34. gxf5 Ke7 35. Ra7+ (35. e6 Kf6 36.
Ra8 Rb5 37. Rf8+ Ke7 38. Rf7+ Ke8) 35... Kf8 36. Ra8+ Ke7 37. Ra7+ Kf8 38. Ra8+
Ke7 39. Ra7+ {1/2 (39) Fressinet,L (2712)-Radjabov,T (2717) Bilbao ESP 2014}) (
{There is apparently nothing wrong with} 21... Kd6 {, e.g.} 22. e4 (22. Be8 Bb7
$1 23. Bxf7 Rf8) 22... Ba6 23. e5+ Ke7 {[%cal Yb8c8]} 24. Rc3 Rc8 25. Ra3 Rxc6
26. Rxa6 Rc7 {but White can try the same plan as in the game:} 27. h5 Kd7 28.
Ra3 {[%cal Ya3c3]}) 22. e4 Bd7 {Surprisingly, the bishop exchange might be
wrong!} (22... Ba6) 23. h5 b5 ({The key to the position is that the pawn
endgame after} 23... Rc8 24. Bxd7 Rxc1 25. Kxc1 Kxd7 26. e5 {is probably
winning for White: Black's king will have to protect his kingside from the
threat of a pawn break; meanwhile White's king will find its way to Black's
queenside pawns. The full analysis of this ending is quite extensive; here are
some lines:} Ke7 27. Kd2 Kf8 $5 (27... g6 $2 28. g5 hxg5 29. h6 Kf8 30. fxg5
$18) (27... Kd7 28. Kd3 Ke7 (28... Kc6 29. f5 {[%cal Rf5f6]}) 29. Kc4 a6 30. d5
) 28. f5 $1 (28. Kd3 g6 29. Kc4 gxh5 30. gxh5 a6 31. d5 Ke7 32. Kd4 Kd7 33. Ke4
Ke7 34. f5 Kd7 {with a fortress}) 28... Ke7 (28... g6 29. fxg6 fxg6 30. g5 $1 {
, and White wins by getting a second passed pawn with a d4-d5 break}) 29. Kd3
Kd7 (29... b5 30. Ke4 a5 31. d5 {[%cal Ye4d4]}) 30. Ke4 Ke7 31. d5 exf5+ (31...
Kd7 32. g5 $1 exf5+ 33. Kxf5 hxg5 34. e6+ Ke7 35. Kxg5 b5 36. exf7 Kxf7 37. d6
Ke6 38. Kg6 $18) 32. gxf5 Kd7 33. e6+ Ke7 34. Ke5 f6+ 35. Kd4 Kd6 36. a4 a6 37.
Kc4 Ke7 38. a5 b5+ 39. Kc5 $18) (23... Bxc6 $5 24. Rxc6 Kd7 25. Rc3 f6 {
deserved serious attention - see Fressinet-Radjabov above}) ({or an immediate} 
23... f6 $5 {I guess this ending is going to be the subject of the most
extensive analysis by... opening specialists!}) 24. Bxd7 Kxd7 25. Rc5 Rb6 $6 ({
Probably the last moment to play} 25... f6 $5) 26. Kc3 a5 27. e5 g6 {This move
allows White to create connected passed pawns in the centre but, amazingly, I
don't see a good defence any more!} (27... Rc6 {was still hopeless due to} 28.
Rxc6 Kxc6 29. f5 Kd7 30. d5 exd5 31. Kd4) ({It was probably too late to try
Radjabov's plan:} 27... f6 28. exf6 $1 gxf6 29. g5 $1 fxg5 30. fxg5 hxg5 31.
Rxg5 Rb8 32. h6 Rh8 33. Rg7+ $1 (33. Rh5 Rh7 34. Kd3 Ke7 35. Rxb5 (35. Ke4 b4
36. Kd3 a4 37. Kc4 b3 38. axb3 axb3 39. Kxb3 Kf6) 35... Rxh6 36. Rxa5 Rh1 {
, and White should not win}) 33... Kd6 34. h7 Kd5 35. Kd3 e5 36. dxe5 Kxe5 37.
Rb7 Rd8+ 38. Kc3 Kf6 39. Rxb5 Kg7 40. Rxa5 Kxh7 41. a4 {- this endgame is
winning}) ({Passive defence like} 27... Rb8 {was hardly enough either.}) 28.
hxg6 fxg6 29. a4 $2 {But this move probably lets White's advantage slip.} (29.
d5 $1 exd5 30. Kd4 Ke6 31. Rc8 {[%cal Yd4c5] was very strong.}) 29... b4+ $6 (
29... bxa4 {was probably even simpler: after} 30. Rxa5 Rb3+ 31. Kc4 Rf3 {
I don't see a win for White, e.g.} 32. Rxa4 (32. f5 gxf5 33. gxf5 Rxf5 34. Kc5
Rf7) 32... Rxf4 33. Kc5 Ke7 34. Ra7+ Kf8 35. d5 exd5 36. Kd6 d4 37. e6 d3 38.
e7+ Kf7 39. Ra8 Re4 40. Rf8+ Kg7 {, and White's e-pawn can't queen.}) 30. Kb3
Ra6 31. f5 gxf5 32. gxf5 exf5 33. d5 h5 $2 {According to GM A.Tukhaev, Black
could have held his ground by means of} (33... f4 34. Rc4 h5 35. Rxf4 Rh6) ({or
} 33... Ra7 34. Rc6 f4 35. Rxh6 Rc7) 34. e6+ Kd6 35. Kc4 Ke5 $4 {This blunder
ends the game at once but after} (35... h4 36. Rb5 {[%cal Yc4d4,Yb5b7] Black's
blockade would be lifted very soon, e.g.} f4 (36... h3 37. Rb7 Ke5 38. e7 Ra8
39. Rb6 h2 40. Re6+ Kf4 41. Re1 {[%cal Yd5d6]} Kg5 42. d6 Kf6 43. Kd4 Rb8 44.
d7 h1=Q 45. e8=Q) 37. Kd4 {[%cal Rb5b7]} Ra8 38. Rb6+ Kc7 39. Kc5 {[%cal Yd5d6]
etc.}) 36. e7 Ra8 37. Rc6 {[%cal Rc6e6]} 1-0

[Event "Corus"]
[Site "Wijk aan Zee"]
[Date "2002.01.17"]
[Round "5"]
[White "Lautier, Joel"]
[Black "Kasimdzhanov, Rustam"]
[Result "1-0"]
[WhiteElo "2687"]
[BlackElo "2695"]
[Annotator "Lautier,J"]
[PlyCount "87"]
[EventDate "2002.01.12"]
[EventType "tourn"]
[EventRounds "13"]
[EventCountry "NED"]
[EventCategory "18"]
[SourceTitle "CBM 087"]
[Source "ChessBase"]
[SourceDate "2002.03.21"]
[SourceVersion "1"]
[SourceVersionDate "2002.03.21"]
[SourceQuality "1"]

1. d4 Nf6 2. c4 e6 3. Nc3 d5 4. cxd5 Nxd5 5. e4 Nxc3 6. bxc3 c5 7. Nf3 cxd4 8.
cxd4 Bb4+ 9. Bd2 Bxd2+ 10. Qxd2 O-O 11. Bc4 Nc6 12. O-O b6 13. Rad1 Na5 14. Bd3
Bb7 15. d5 Qe7 {/\ e5} (15... exd5 $6 16. e5 d4 17. Nxd4 Qd5 18. Qg5 $40 f6 $2
19. Qg4 Qxe5 20. Nf5 g6 21. Rfe1 Qc5 22. Re7 Kh8 23. Nd6 $1 $18) 16. Rfe1 Rad8
(16... e5 17. Qc3 f6 (17... Rfe8 $2 18. Bb5 $18) 18. Nh4 Bc8 (18... g6 19. Be2
$36 {/\ Bg4}) 19. d6 Qf7 20. Bb5 Rd8 21. Qc7 $36) 17. Nd4 g6 (17... exd5 $2 18.
Nf5 $16) (17... Qc5 18. Qe3 (18. Nb5 Nc4 19. Bxc4 Qxc4 $11) (18. Bb1 Nc4 $132)
18... e5 (18... exd5 19. e5 Nc6 20. Qh3 g6 21. Nf3 $40) 19. Nf5 (19. Nb3 $5
Qxe3 20. Rxe3 Nxb3 21. axb3 $14 {[%csl Ra7][%cal Gb3b4] /\ b4}) 19... Qxe3 20.
Nxe3 $14 Bc8 21. Rc1 $36) 18. Qh6 (18. Qe3 exd5 (18... e5 19. Nb3 Nxb3 20. axb3
$14 {[%csl Ra7,Rb6]}) 19. e5 Nc4 20. Qg3 (20. Qf4 Rfe8) 20... Nb2 21. Rb1 (21.
Nf5 Qe6) (21. Rd2 Qb4) 21... Nxd3 22. Qxd3 Rc8 23. f4 Rc4 $13) 18... e5 (18...
exd5 $2 19. Nf5 gxf5 (19... Qe5 20. f4 $18) 20. exf5 $18) (18... Bc8 $5 {
Kasimdzhanov} 19. Bb5 (19. f4 Qc5) (19. Nc6 Nxc6 20. dxc6 Qc7 21. Qc1 Rd6 22.
Bb5 Rfd8 $13) 19... e5 (19... exd5 20. exd5 Qc5 (20... Qf6 21. Nf3 $36) 21. Bc6
$5) 20. Nc6 Nxc6 21. Bxc6 Rd6 $14) 19. Nc2 $5 (19. Nb3 Nxb3 20. axb3 a5 $1 $14)
19... Bc8 20. Qd2 (20. a3 $5 Nb3 (20... Bg4 21. Be2 $14) 21. Bc4 Nc5 22. Nb4
$14) 20... Nb7 21. Nb4 (21. Ba6 Nd6 22. Bxc8 Rxc8 23. Nb4 Nc4 (23... Rc4 24.
Nc6 Qf6 25. f4 $5 Qxf4 26. Qxf4 exf4 27. e5 Ne4 28. Rd4 Rxd4 29. Nxd4 $14) 24.
Qc3 Na5 25. Qb2 (25. d6 Qe6 26. Qa3 Rfd8 27. Nd5 Rc5 $132) 25... Qd6 (25... Nc4
26. Qb3 Na5 27. Qb1) 26. Rc1 $14) 21... Bd7 22. Ba6 $6 (22. Rc1 Nc5 23. Bc4 Qd6
24. Nd3 $14) 22... Nc5 23. Bc4 (23. d6 $2 Qf6 24. Bc4 Ba4 $17) 23... Qd6 24.
Nd3 Rc8 25. Rc1 Rc7 $6 (25... b5 $1 26. Nxc5 Rxc5 27. Bb3 Rxc1 (27... Rfc8 28.
Rxc5 Rxc5 (28... Qxc5 29. d6 Kg7 (29... a5 30. Qxa5 Qxd6 31. Rd1 $14) 30. Rd1
b4 31. h4 $14) 29. f4 $14) 28. Rxc1 Rc8 $11) 26. Nxc5 Rxc5 27. Ba6 $1 $14 Rb8
$6 (27... Ra5 28. Bb7 Rb8 (28... Ra4 29. Qc2 $14 (29. Bc6 Rd4)) 29. Bc6 $14)
28. Rxc5 bxc5 29. Bc4 {>< c5} Rb4 30. Rc1 a6 $6 {/\ Bb5, >< a6} 31. a3 Rb8 (
31... Ra4 32. Qb2 Bb5 33. Bxb5 axb5 34. Qxb5 Rxe4 35. Qc6 $1 Qd8 36. Rd1 (36.
h3 Rd4 37. Rxc5 Qg5 $132) 36... Rd4 37. Rxd4 cxd4 38. d6 Kf8 39. Qc5 f6 40. d7+
Kf7 41. Qd6 $16) 32. Qc3 Kf8 $6 33. h3 (33. f4 $1 f6 34. fxe5 fxe5 35. Be2 Rc8
36. Qa5 $16) 33... f6 34. Be2 Rc8 35. Qa5 Ke7 36. Qd2 (36. Rb1 c4 37. Rb6 Qc5
$132) 36... c4 $2 $138 (36... Kf7 $16) 37. Rc3 $5 (37. Qh6 c3 38. Qxh7+ Kd8 39.
Qxg6 c2 $16) 37... Qb6 $2 (37... Kf8 38. Bxc4) 38. Qh6 $18 Kd6 39. Qg7 Qd8 40.
Qxh7 (40. Rxc4 Qe7) 40... Qa5 41. Rf3 $1 Qe1+ 42. Bf1 f5 (42... c3 43. Rxf6+
Kc7 44. Rc6+ Kd8 45. Qh8+ $18) 43. Qxg6+ Kc5 44. Qg7 1-0

[Event "Olympiad-32"]
[Site "Yerevan"]
[Date "1996.09.28"]
[Round "12.4"]
[White "Zaichik, Gennadi"]
[Black "Pinter, Jozsef"]
[Result "1/2-1/2"]
[WhiteElo "2550"]
[BlackElo "2560"]
[Annotator "Lempert,I"]
[PlyCount "75"]
[EventDate "1996.09.15"]
[EventType "team-swiss"]
[EventRounds "14"]
[EventCountry "ARM"]
[SourceTitle "CBM 055"]
[Source "ChessBase"]
[SourceDate "1996.12.01"]
[SourceVersion "1"]
[SourceVersionDate "1996.12.01"]
[SourceQuality "1"]
[WhiteTeam "Georgia"]
[BlackTeam "Hungary"]
[WhiteTeamCountry "GEO"]
[BlackTeamCountry "HUN"]

1. c4 Nf6 2. Nc3 c5 3. Nf3 d5 4. cxd5 Nxd5 5. d4 e6 6. e4 Nxc3 7. bxc3 cxd4 8.
cxd4 Nc6 9. Bc4 b5 10. Be2 (10. Bd3 Bb4+ 11. Kf1 $5) 10... Bb4+ 11. Bd2 Qa5 12.
Rb1 (12. a4) (12. d5) 12... Bxd2+ 13. Qxd2 a6 14. Qxa5 (14. a4 $5) 14... Nxa5
15. Kd2 Bb7 16. Ke3 Ke7 17. Rhc1 Rhc8 18. Nd2 f6 (18... Rxc1 19. Rxc1 Rc8 20.
Rxc8 Bxc8 21. Kd3 (21. f4 $5) 21... Nc6 22. Kc3 e5 $10 {Dorfman,J-Murrey,J/FRA/
1992/0,5/40/}) 19. f4 f5 20. Bf3 fxe4 21. Bxe4 Bxe4 22. Kxe4 Kd6 $10 23. Kd3
Ke7 $1 (23... Kd5 24. Re1 Nc6 $1 (24... Nc4 25. Nxc4 bxc4+ (25... Rxc4 $2 26.
Re5+ Kd6 27. Rbe1 $16) 26. Kc3 $14) 25. Re4) 24. Ne4 Nc4 25. Nc5 Rc6 26. a4 Rd8
27. Kc3 $6 (27. axb5 Rxc5 28. Rxc4 Rxb5 $10) 27... Nd6 $1 28. Re1 Nf5 $15 29.
axb5 axb5 30. Rxb5 (30. Re4 Nxd4 $1) 30... Nxd4 31. Ra5 Rd5 32. Re5 Kd6 33. Kc4
Rxe5 34. fxe5+ Kxe5 35. Kd3 Nf5 36. Ne4+ $1 Kf4 37. Ra4 $1 Ke5 (37... h6 $5)
38. Ra5+ 1/2-1/2

[Event "St Petersburg op"]
[Site "St Petersburg"]
[Date "1995.??.??"]
[Round "6"]
[White "Serper, Grigory"]
[Black "Lugovoi, Aleksei"]
[Result "1/2-1/2"]
[WhiteElo "2585"]
[BlackElo "2485"]
[Annotator "Lugovoi,A"]
[PlyCount "86"]
[EventDate "1995.05.??"]
[EventType "swiss"]
[EventRounds "9"]
[EventCountry "RUS"]
[SourceTitle "CBM 046 Extra"]
[Source "ChessBase"]
[SourceDate "1995.07.01"]
[SourceVersion "1"]
[SourceVersionDate "1995.07.01"]
[SourceQuality "1"]

1. c4 Nf6 2. Nc3 c5 3. Nf3 d5 4. cxd5 Nxd5 5. e3 e6 6. d4 Nc6 7. Bc4 cxd4 8.
exd4 Be7 9. O-O O-O 10. Re1 Bf6 11. Ne4 b6 12. h4 $5 (12. a3 Bb7 13. Qd3 Nce7 (
13... Re8 14. Bd2 Nce7 15. Rad1 Nf5 16. Ba2 $16 {Serper,G-Kaidanov,G/Groningen/
1993/}) 14. Bd2 Ng6 $13 {Korchnoi,V-Oll,L/Groningen/1993/0,5/31/}) 12... Bb7
13. Bg5 $6 (13. h5 $5 h6 14. a3 Nce7 15. Qd3 Nf5 $13) 13... Bxg5 14. hxg5 Rc8
15. a3 (15. Rc1 Na5 $15) 15... Nde7 $6 (15... Na5 16. Ba2 Ba6 17. Ne5 Nc4 $10)
(15... Nf4 $6 16. Ba2 Ba6 17. Qd2 Nd3 18. Re3 Nxd4 19. Rxd3 $1 $14) 16. Ba2 Nf5
$2 (16... Na5 17. Qd3 Bd5 18. Bb1 Ng6 $10) 17. d5 exd5 18. Qxd5 (18. Bxd5 Qc7
$1 $10) 18... Qxd5 19. Bxd5 Rfd8 20. Rad1 Na5 21. Bxb7 Nxb7 22. Rxd8+ Rxd8 23.
Rc1 $1 Nbd6 $8 (23... Nfd6 24. Rc7 $1 $16) 24. Rd1 Nb7 25. Rc1 Nbd6 26. Nxd6
Nxd6 27. Rc7 a5 28. a4 $6 (28. Ne5 $16) 28... Ne4 29. Rb7 h6 $1 30. gxh6 Rd1+
31. Kh2 Rd6 $1 32. Rb8+ Kh7 33. hxg7 Kxg7 34. Nh4 Kf6 (34... Rh6 $1 35. g3 Nxf2
36. Kg2 Rf6 $10) 35. f4 Nc5 36. b3 Nxb3 37. Rh8 Ke6 38. g4 Nc5 39. Nf5 Rd2+ 40.
Kg3 Rd3+ 41. Kh4 Nxa4 42. Re8+ Kd5 43. Rf8 Rf3 (43... Rf3 44. Rxf7 Rxf4 45.
Ne3+ Ke4 46. Rxf4+ Kxf4 47. g5 Nc5 48. g6 Ne6 49. Nd5+ $10) 1/2-1/2